LIBRARY & INFORMATION CENTRE, KCAET, TAVANUR

ONLINE PUBLIC ACCESS CATALOGUE (OPAC)

Advances in protected cultivation (Record no. 15580)

MARC details
000 -LEADER
fixed length control field 00447nam a22001697a 4500
003 - CONTROL NUMBER IDENTIFIER
control field OSt
008 - FIXED-LENGTH DATA ELEMENTS--GENERAL INFORMATION
fixed length control field 190517b ||||| |||| 00| 0 eng d
020 ## - INTERNATIONAL STANDARD BOOK NUMBER
ISBN 9789383305179
082 ## - DEWEY DECIMAL CLASSIFICATION NUMBER
Classification number 635
Item number SIN/AD
245 ## - TITLE STATEMENT
Title Advances in protected cultivation
260 ## - PUBLICATION, DISTRIBUTION, ETC. (IMPRINT)
Place of publication New Delhi
Name of publisher New india Publishing agency
Year of publication 2014
300 ## - PHYSICAL DESCRIPTION
Number of Pages 237 p.
700 ## - ADDED ENTRY--PERSONAL NAME
Personal name Singh,Brahma
700 ## - ADDED ENTRY--PERSONAL NAME
Personal name Singh , Balraj
700 ## - ADDED ENTRY--PERSONAL NAME
Personal name Sabir naved
942 ## - ADDED ENTRY ELEMENTS (KOHA)
Koha item type Books
Holdings
Withdrawn status Lost status Damaged status Collection code Home library Current library Shelving location Date acquired Cost, normal purchase price Full call number Accession Number Koha item type
      Non-fiction KAUAET KAUAET General Stacks 17/05/2019 2400.00 635 BRA/AD 25787 Books
        KAUAET KAUAET NAHEP-CAAST Project 07/09/2021 2400.00 635 BRA/AD 25991 Books
        KAUAET KAUAET NAHEP-CAAST Project 07/09/2021 2400.00 635 BRA/AD 25992 Books
        KAUAET KAUAET General Stacks 17/05/2019 2400.00 635 SIN/AD 24841 Books
free website counter